| 000 | 00487nam a22001697a 4500 | ||
|---|---|---|---|
| 005 | 20240402145759.0 | ||
| 008 | 240402b |||||||| |||| 00| 0 eng d | ||
| 020 | _a9781543347722 | ||
| 041 | _aeng | ||
| 082 |
_22024 _a610./ABO |
||
| 245 |
_aTextbook of Educational Technology _bnursing education for BSc Nursing students |
||
| 260 |
_aJalandhar _bS.vikas & Company(Medical Publishers) _c2024 |
||
| 300 | _a214 p. | ||
| 365 |
_aRs _b325 _cRs |
||
| 700 | _aAbothu Pradeep | ||
| 942 | _cDB | ||
| 999 |
_c357673 _d357673 |
||